| 000 | 00812nam a2200193 a 4500 | ||
|---|---|---|---|
| 008 | 060316s1992 ||||||||||||||||| || u | ||
| 020 | _a0415060788 | ||
| 050 | _aLB 2826.6.D44 Jon | ||
| 100 | _aJones, Phillip W. (Phillip Worner), 1949- | ||
| 245 | 1 | 0 | _aWorld Bank financing of education : lending, learning, and development |
| 260 |
_aLondon: _bRoutledge and Kegan Paul _c1992 |
||
| 300 | _axxii, 285 p. | ||
| 350 | _a0.00 | ||
| 500 | _aIncludes bibliographical references | ||
| 650 | _aWORLD BANK--HISTORY | ||
| 650 | _aEDUCATION--DEVELOPING COUNTRIES--FINANCE--HISTORY | ||
| 650 | _aEDUCATION--DEVELOPING COUNTRIES--FINANCE--STATISTICS | ||
| 995 |
_D0.00 _FCBU-MAIN LIBRARY (Kitwe) _H1 _I35.00 _M1 _UAVAILABLE _ZAnnex Low-Usage Collection |
||
| 999 |
_c61997 _d61997 |
||